| 000 | 00520ntaaa2200181 4500 | ||
|---|---|---|---|
| 003 | 01 | ||
| 005 | 20251027202352.0 | ||
| 008 | 0714s1973 ag 01 | ||
| 040 |
_aAR-BaBN _bspa _cAR-BaBN _eaacr _dRIC |
||
| 082 | _a282.0000 L779 | ||
| 100 |
_aLittledale, Ricardo Federico _922403 |
||
| 245 | _aRazones sencillas contra los errores y las innovaciones del Romanismo | ||
| 250 | _a1 ed. | ||
| 260 |
_aNew York : _bSociedad Americana de Tratados, _cs.f. |
||
| 300 | _a330 p | ||
| 650 |
_aiglesia católica _9476 |
||
| 942 | _cBK | ||
| 999 |
_c18607 _d18607 |
||